000 00791nas a2200253 4500
001 BR7600520
003 BR-BrBNA
005 20231205082903.0
007 ta
008 230509b bl.|||p| |||| 00| 00por d
040 _aBR-BrBNA
_bpor
_cBiblioteca Nacional de Agricultura
041 _a(Pt)
072 _aL72
100 1 _aLara, F.M.
100 1 _aBusoli, A.C.
100 1 _aMarchiori, D.L.
245 1 _aEmprego de armadilhas adesivas na determinacao da altura e periodicidade de Musca domestica L. e Stomoxys calcitrans (L.)(Diptera-Muscidae)
650 _aPRAGA DE ANIMAL
650 _aINSETO
650 _aARMADILHA
773 0 _tCientifica (Brazil)
_xISSN 0100-0039
_g(1975), v. 3(2) p. 295-304
_wBR7600520
909 _a202311
_bLúcia
_c55
_dLúcia Elande
942 _2AGRIS
_n0
_cANA
999 _c94865
_d94865